[Event "DEM U12/U12w 2003"]
[Site "Willingen GER"]
[Date "2003.06.09"]
[Round "4"]
[White "Rafiee, Makan"]
[Black "Korman, Maxim"]
[Result "1/2-1/2"]
[Termination "normal"]
[Board "11"]
[WhiteElo "1579"]
[BlackElo "1711"]
[PlyCount "67"]
[WhiteFideId "24609340"]
[BlackFideId "24619787"]
[EventCountry "GER"]
[EventRounds "11"]
[EventType "swiss"]
[EventDate "2003.06.07"]

1. e4 e6 2. d4 d5 3. Nd2 c5 4. exd5 Qxd5 5. Ngf3 cxd4 6. Bc4 Qd6 7. O-O Nf6 8.
Nb3 Nc6 9. Nbxd4 Nxd4 10. Nxd4 a6 11. Re1 Qc7 12. Bb3 Bd6 13. h3 O-O 14. c3 b5
15. Bg5 Be7 16. Bc2 Nd5 17. Qd3 g6 18. Bh6 Re8 19. a4 b4 20. c4 Nb6 21. b3 Bf8
22. Bxf8 Rxf8 23. Qf3 Bb7 24. Be4 Bxe4 25. Qxe4 Nd7 26. Rad1 Nc5 27. Qf3 Qb7
28. Qxb7 Nxb7 29. Re5 Rac8 30. Nc2 Rc5 31. Re3 a5 32. Rd7 Rb8 33. Red3 Re5 34.
Kf1 1/2-1/2

[Event "DEM U12/U12w 2003"]
[Site "Willingen GER"]
[Date "2003.06.09"]
[Round "4"]
[White "Nuber, Blasius"]
[Black "Mazarov, Jürgen"]
[Result "0-1"]
[Termination "normal"]
[Board "12"]
[WhiteElo "1560"]
[BlackElo "1684"]
[PlyCount "98"]
[WhiteFideId "24620289"]
[BlackFideId "24617768"]
[EventCountry "GER"]
[EventRounds "11"]
[EventType "swiss"]
[EventDate "2003.06.07"]

1. e4 e5 2. Nf3 Nf6 3. Nxe5 d6 4. Nf3 Nxe4 5. Qe2 Qe7 6. d3 Nf6 7. Bg5 Qxe2+ 8.
Bxe2 Be7 9. Nc3 c6 10. O-O-O Na6 11. Rde1 Nc5 12. d4 Ne6 13. h4 h6 14. Bd2 O-O
15. Reg1 Ng4 16. Be3 Nc7 17. Nd2 Nxe3 18. fxe3 Bf5 19. g4 Bg6 20. g5 h5 21.
Nce4 Nd5 22. Ng3 Nxe3 23. c3 Nf5 24. Nxh5 Bxh5 25. Bxh5 g6 26. Be2 Kg7 27. Bd3
Rh8 28. Bxf5 gxf5 29. h5 f6 30. g6 Rh6 31. Rg2 Rah8 32. Rgh2 f4 33. Nf3 f5 34.
Kd2 Bf6 35. Kd3 Re8 36. Re2 Reh8 37. Re6 Rxh5 38. Rxh5 Rxh5 39. Rxd6 Kxg6 40.
Ne5+ Kg5 41. Rd7 Rh3+ 42. Kd2 Rh2+ 43. Kc1 Bxe5 44. dxe5 Re2 45. Rxb7 Rxe5 46.
Rg7+ Kh4 47. Rg1 f3 48. Kd1 f2 49. Rf1 Kg3 0-1

[Event "DEM U12/U12w 2003"]
[Site "Willingen GER"]
[Date "2003.06.09"]
[Round "4"]
[White "Miclea, Sebastian"]
[Black "Remy, Janina"]
[Result "1-0"]
[Termination "normal"]
[Board "13"]
[WhiteElo "1532"]
[BlackElo "1672"]
[PlyCount "95"]
[BlackFideId "24627348"]
[EventCountry "GER"]
[EventRounds "11"]
[EventType "swiss"]
[EventDate "2003.06.07"]

1. d4 d5 2. c4 dxc4 3. Nf3 Nf6 4. Nc3 e6 5. Bg5 Be7 6. e4 O-O 7. Bxc4 Nbd7 8.
O-O c5 9. e5 Nh5 10. Bxe7 Qxe7 11. Qd2 f6 12. d5 fxe5 13. dxe6 Nb6 14. Nxe5
Nxc4 15. Nxc4 Qxe6 16. Qd5 Qxd5 17. Nxd5 Bd7 18. Ne5 Rad8 19. Nxd7 Rxd7 20.
Rad1 Rdf7 21. f3 Re8 22. Rfe1 Rff8 23. Rxe8 Rxe8 24. g4 Nf6 25. Nxf6+ gxf6 26.
Rd7 Rf8 27. Rxb7 Rf7 28. Rxf7 Kxf7 29. Kf2 Ke6 30. Ke3 Kd5 31. h4 h6 32. f4 Ke6
33. Ke4 a6 34. a4 a5 35. b3 f5+ 36. gxf5+ Kf6 37. h5 Kf7 38. Ke5 Ke7 39. f6+
Kf7 40. Kf5 Kf8 41. Kg6 Kg8 42. Kxh6 Kf8 43. Kg5 Kg8 44. Kg6 Kf8 45. h6 Kg8 46.
h7+ Kh8 47. f7 c4 48. f8=R# 1-0

[Event "DEM U12/U12w 2003"]
[Site "Willingen GER"]
[Date "2003.06.09"]
[Round "4"]
[White "Zahn, Benno"]
[Black "Fischer, Thomas"]
[Result "0-1"]
[Termination "normal"]
[Board "14"]
[WhiteElo "1529"]
[BlackElo "1671"]
[PlyCount "114"]
[WhiteFideId "24636070"]
[BlackFideId "4683277"]
[EventCountry "GER"]
[EventRounds "11"]
[EventType "swiss"]
[EventDate "2003.06.07"]

1. d4 d5 2. c4 e6 3. Nc3 Nf6 4. Bg5 Nbd7 5. e3 c6 6. Bd3 Qa5 7. Bf4 Bb4 8. Nge2
dxc4 9. Bxc4 Nb6 10. Qd3 Nxc4 11. Qxc4 O-O 12. O-O Bd7 13. a3 Be7 14. Ng3 Nh5
15. b4 Qd8 16. Be5 f6 17. Bf4 Nxf4 18. exf4 Qc7 19. f5 Qc8 20. Rfe1 b5 21. Qb3
Be8 22. Qxe6+ Qxe6 23. Rxe6 Bd8 24. Rae1 Bb6 25. R6e4 Bf7 26. h3 a5 27. Rc1
axb4 28. axb4 Rfd8 29. Nge2 Bc4 30. g3 Bd3 31. Rf4 Re8 32. Re1 Ra3 33. Ne4 Rxe4
34. Rxe4 Bxe4 35. Nf4 Bxf5 36. g4 Bg6 37. d5 cxd5 38. Nxd5 Bd4 39. Nc7 Bd3 40.
Ne6 Ra1 41. Rxa1 Bxa1 42. Nc7 Bc3 43. Na6 f5 44. Kg2 fxg4 45. hxg4 Be4+ 46. Kg3
Bd2 47. f3 Bb7 48. Nc5 Bc8 49. Nd3 Kf7 50. Kf2 Ke6 51. Ke2 Bg5 52. f4 Be7 53.
Ke3 Kd5 54. g5 Kc4 55. Ne5+ Kc3 56. Nc6 Bxb4 57. Na7 Bc5+ 0-1

[Event "DEM U12/U12w 2003"]
[Site "Willingen GER"]
[Date "2003.06.09"]
[Round "4"]
[White "Fink, Leander"]
[Black "Kim, Oi-sin"]
[Result "0-1"]
[Termination "normal"]
[Board "15"]
[WhiteElo "1657"]
[BlackElo "1588"]
[PlyCount "76"]
[WhiteFideId "24605247"]
[BlackFideId "24605778"]
[EventCountry "GER"]
[EventRounds "11"]
[EventType "swiss"]
[EventDate "2003.06.07"]

1. e4 e5 2. Nf3 Nc6 3. d4 exd4 4. Nxd4 Nf6 5. Nxc6 bxc6 6. e5 Qe7 7. Qe2 Nd5 8.
c4 Ba6 9. b3 Nb6 10. Ba3 d6 11. f4 g6 12. Qe4 Bb7 13. Nd2 Bg7 14. Rd1 O-O-O 15.
c5 Nd5 16. cxd6 cxd6 17. Rc1 Kb8 18. Be2 c5 19. Bf3 Nb4 20. Qe2 dxe5 21. Bxb4
cxb4 22. Bxb7 Qxb7 23. O-O exf4 24. Rxf4 Rhe8 25. Re4 Rxe4 26. Qxe4 Qb6+ 27.
Kh1 Rxd2 28. Qf4+ Qd6 29. Qg4 f5 30. Qf3 Bc3 31. Re1 Be5 32. Rc1 Qd5 33. Qf1
Qd3 34. Qe1 Qe2 35. Qg1 Bd4 36. Qf1 Qxf1+ 37. Rxf1 Rxa2 38. Rd1 Rb2 0-1

[Event "DEM U12/U12w 2003"]
[Site "Willingen GER"]
[Date "2003.06.09"]
[Round "4"]
[White "Khramoy, Gennadiy"]
[Black "Smolkina, Milana"]
[Result "1-0"]
[Termination "normal"]
[Board "16"]
[WhiteElo "1517"]
[BlackElo "1623"]
[PlyCount "191"]
[BlackFideId "24618780"]
[EventCountry "GER"]
[EventRounds "11"]
[EventType "swiss"]
[EventDate "2003.06.07"]

1. d4 Nf6 2. c4 g6 3. Nc3 Bg7 4. Nf3 O-O 5. e4 d6 6. h3 Nbd7 7. Be3 e5 8. d5
Nh5 9. g4 Nf4 10. Qd2 Bh6 11. Ne2 Nc5 12. Ng3 Bd7 13. b4 Na6 14. a3 Qf6 15. Rc1
b6 16. c5 b5 17. c6 Be8 18. h4 Bg7 19. g5 Qe7 20. Bxb5 Ng2+ 21. Ke2 Nxe3 22.
fxe3 Nb8 23. Rhf1 h6 24. Kd3 h5 25. Bc4 Qd8 26. a4 Qc8 27. Rb1 Na6 28. Kc2 Rb8
29. Ne2 Kh7 30. Bxa6 Qxa6 31. Nc3 Rg8 32. Qd3 Qc8 33. b5 Bf8 34. Kd2 Be7 35.
Rb2 Bd8 36. Na2 a5 37. Nc1 Ra8 38. Nb3 Qb8 39. Ke2 Ra7 40. Nfd2 Qc8 41. Nf3 Kg7
42. Qc3 Qa8 43. Rg1 Be7 44. Ke1 Bd8 45. Nfd2 Qc8 46. Rh1 Qa8 47. Nc4 Rf8 48.
Nbxa5 f6 49. gxf6+ Bxf6 50. Rg2 Be7 51. Ke2 Qb8 52. Nb2 Qa8 53. Nac4 Qd8 54.
Qe1 Qb8 55. Qb4 Qd8 56. Rgh2 Qb8 57. a5 Rf7 58. b6 Ra8 59. Ra1 Bxc6 60. dxc6 d5
61. Qb5 dxc4 62. Nxc4 cxb6 63. Qxb6 Qxb6 64. Nxb6 Ra7 65. Kd3 Bd8 66. Rha2 Rfc7
67. Rc2 Rf7 68. Nd5 Bc7 69. a6 Kf8 70. Rb2 Bd6 71. Rb7 Rfxb7 72. cxb7 Ke8 73.
Rc1 Rxa6 74. Nc7+ Bxc7 75. Rxc7 Rb6 76. Rc8+ Kd7 77. b8=Q Rxb8 78. Rxb8 Ke6 79.
Rb6+ Kf7 80. Kc4 g5 81. hxg5 h4 82. Kd5 h3 83. Rb1 Kg6 84. Kxe5 Kxg5 85. Kd6
Kg4 86. e5 Kg3 87. e6 Kg2 88. e7 h2 89. e8=Q h1=Q 90. Qa8+ Kf2 91. Rxh1 Kxe3
92. Qa4 Kf3 93. Rh3+ Kg2 94. Rb3 Kf2 95. Qa2+ Ke1 96. Rb1# 1-0

[Event "DEM U12/U12w 2003"]
[Site "Willingen GER"]
[Date "2003.06.09"]
[Round "4"]
[White "Rath, Oliver"]
[Black "Heistermann, Till"]
[Result "1-0"]
[Termination "normal"]
[Board "17"]
[WhiteElo "1513"]
[BlackElo "1619"]
[PlyCount "51"]
[WhiteFideId "24610380"]
[EventCountry "GER"]
[EventRounds "11"]
[EventType "swiss"]
[EventDate "2003.06.07"]

1. e4 c5 2. Nc3 Nc6 3. Bb5 d6 4. d3 Nf6 5. Be3 Bd7 6. h3 a6 7. Bxc6 Bxc6 8. f4
g6 9. Nf3 Bg7 10. O-O O-O 11. Rb1 Nd7 12. f5 b5 13. Qd2 b4 14. Ne2 a5 15. Bh6
a4 16. Bxg7 Kxg7 17. fxg6 hxg6 18. a3 Qb6 19. Kh1 Rab8 20. axb4 Qxb4 21. Qg5 f6
22. Qg3 Rh8 23. Nf4 Nf8 24. Nh4 Be8 25. Nf5+ Kf7 26. Nxe7 1-0

[Event "DEM U12/U12w 2003"]
[Site "Willingen GER"]
[Date "2003.06.09"]
[Round "4"]
[White "Linsenmeyer, Mario"]
[Black "Roitzsch, Philipp"]
[Result "1-0"]
[Termination "normal"]
[Board "18"]
[WhiteElo "1500"]
[BlackElo "1612"]
[PlyCount "157"]
[WhiteFideId "24635138"]
[BlackFideId "24635529"]
[EventCountry "GER"]
[EventRounds "11"]
[EventType "swiss"]
[EventDate "2003.06.07"]

1. e4 e5 2. Nf3 Nc6 3. Bc4 Nf6 4. Ng5 d5 5. exd5 b5 6. Bf1 Nd4 7. c3 Nf5 8.
Bxb5+ Bd7 9. Qe2 Bd6 10. Ne4 Nxe4 11. Bxd7+ Qxd7 12. Qxe4 O-O 13. O-O Ne7 14.
d4 f5 15. Qd3 e4 16. Qc4 f4 17. f3 e3 18. Re1 Rae8 19. Re2 Ng6 20. b3 Rf5 21.
Bb2 Rg5 22. Qc6 Qf7 23. Nd2 Ne7 24. Qd7 exd2 25. Qe6 Rf8 26. c4 Qxe6 27. dxe6
Nf5 28. Rd1 Ne3 29. Rdxd2 Re8 30. d5 Bb4 31. Rd3 Nf5 32. Be5 Bc5+ 33. Kh1 Be3
34. Rdxe3 fxe3 35. Bxc7 Rc8 36. Bf4 Rg6 37. Bxe3 a5 38. Bf4 a4 39. d6 Rd8 40.
e7 Nxe7 41. Rxe7 Rf6 42. d7 Kf8 43. Re8+ Rxe8 44. dxe8=Q+ Kxe8 45. Bc7 Kd7 46.
Ba5 Rd6 47. h3 Rd1+ 48. Kh2 Ra1 49. bxa4 Rxa2 50. Bb6 Rxa4 51. c5 h5 52. Kg3
h4+ 53. Kf2 Ra2+ 54. Kg1 Ke6 55. Bd8 Ra4 56. c6 Kf5 57. c7 Rc4 58. Bxh4 Rxc7
59. Bg3 Rc2 60. Kh2 Ke6 61. h4 Kd5 62. Kh3 Kd4 63. Bh2 Ke3 64. Bg1+ Ke2 65. Bd4
g6 66. Be5 Kf1 67. g3 Kf2 68. Kg4 Rc4+ 69. f4 Rb4 70. Bd6 Rb3 71. f5 Rd3 72.
Bc5+ Kg2 73. fxg6 Rxg3+ 74. Kh5 Rd3 75. Be7 Kg3 76. Bg5 Rd7 77. Kh6 Kg4 78. g7
Rd6+ 79. Kh7 1-0

[Event "DEM U12/U12w 2003"]
[Site "Willingen GER"]
[Date "2003.06.09"]
[Round "4"]
[White "Poetsch, Hagen"]
[Black "Hirneise, Jens"]
[Result "1-0"]
[Termination "normal"]
[Board "19"]
[WhiteElo "1611"]
[BlackElo "1495"]
[PlyCount "109"]
[WhiteFideId "24615137"]
[BlackFideId "24614734"]
[EventCountry "GER"]
[EventRounds "11"]
[EventType "swiss"]
[EventDate "2003.06.07"]

1. e4 c5 2. Nf3 Nc6 3. d4 cxd4 4. Nxd4 Nf6 5. Nc3 e5 6. Ndb5 d6 7. Be3 a6 8.
Na3 b5 9. Nd5 Nxd5 10. exd5 Ne7 11. c4 b4 12. Nc2 a5 13. Be2 f5 14. f3 g6 15.
O-O Bg7 16. Qd2 f4 17. Bf2 Nf5 18. Rad1 O-O 19. b3 Qc7 20. a3 bxa3 21. Nxa3 Ba6
22. c5 Bxe2 23. Qxe2 dxc5 24. Qc4 Nd6 25. Qxc5 Rac8 26. Qxc7 Rxc7 27. Bb6 Rc3
28. Bxa5 Rxb3 29. Nc2 Nc4 30. Bb4 Rxb4 31. Nxb4 Ne3 32. d6 Nxf1 33. Kxf1 Rd8
34. d7 Bf6 35. Nc6 Kf7 36. Nxd8+ Bxd8 37. Ke2 Ke7 38. Kd3 Kxd7 39. Ke4+ Ke7 40.
Rxd8 Kxd8 41. Kxe5 Ke7 42. Kxf4 Kf6 43. g3 g5+ 44. Kg4 Kg6 45. f4 h5+ 46. Kf3
Kf5 47. h3 gxf4 48. gxf4 Kf6 49. Ke4 Ke6 50. f5+ Ke7 51. Ke5 Kf7 52. h4 Ke7 53.
f6+ Kf7 54. Kf5 Kf8 55. Kg6 1-0

[Event "DEM U12/U12w 2003"]
[Site "Willingen GER"]
[Date "2003.06.09"]
[Round "4"]
[White "Reipschläger, Tom"]
[Black "Wortmann, Jonas"]
[Result "0-1"]
[Termination "normal"]
[Board "20"]
[WhiteElo "1099"]
[BlackElo "1608"]
[PlyCount "76"]
[BlackFideId "24628069"]
[EventCountry "GER"]
[EventRounds "11"]
[EventType "swiss"]
[EventDate "2003.06.07"]

1. d4 Nf6 2. c4 e6 3. Nc3 Bb4 4. Bd2 c5 5. e3 b6 6. Nf3 Bb7 7. Be2 O-O 8. a3
Bxc3 9. Bxc3 d6 10. O-O Ne4 11. Qd3 Nd7 12. Bd1 Ndf6 13. b4 Qe7 14. b5 Rfd8 15.
dxc5 dxc5 16. Qc2 Nxc3 17. Qxc3 Ne4 18. Qc2 Qf6 19. Be2 Nc3 20. h3 Be4 21. Qxe4
Nxe4 22. Rfc1 Nc3 23. Bd1 Nxd1 24. Rxd1 Rxd1+ 25. Rxd1 Rd8 26. Rxd8+ Qxd8 27.
Ne5 Qd1+ 28. Kh2 Qb3 29. f4 Qxe3 30. Nc6 Qxf4+ 31. Kg1 Qe3+ 32. Kh2 Qxa3 33.
Ne7+ Kf8 34. Nc6 a5 35. bxa6 Qxa6 36. Ne5 f6 37. Nd7+ Ke7 38. Nb8 Qb7 0-1

[Event "DEM U12/U12w 2003"]
[Site "Willingen GER"]
[Date "2003.06.09"]
[Round "4"]
[White "Strunski, Andreas"]
[Black "Park, Johannes"]
[Result "1-0"]
[Termination "normal"]
[Board "21"]
[WhiteElo "1619"]
[BlackElo "1396"]
[PlyCount "111"]
[WhiteFideId "24606073"]
[EventCountry "GER"]
[EventRounds "11"]
[EventType "swiss"]
[EventDate "2003.06.07"]

1. e4 c5 2. Nf3 e6 3. d4 cxd4 4. Nxd4 a6 5. Nc3 Qc7 6. Be3 Bb4 7. Qd2 Nf6 8. f3
d5 9. Bg5 Nbd7 10. Bxf6 Nxf6 11. exd5 Nxd5 12. Nde2 Nxc3 13. Nxc3 O-O 14. O-O-O
Bxc3 15. Qxc3 Qxc3 16. bxc3 b5 17. Be2 Bb7 18. Rd7 Bd5 19. Kb2 Rfd8 20. Rxd8+
Rxd8 21. Rd1 Rc8 22. Bd3 h6 23. Be4 Bxe4 24. fxe4 g5 25. Rd6 Ra8 26. Kb3 Kf8
27. Kb4 Ke7 28. Rb6 Kd7 29. Rb7+ Ke8 30. e5 Kf8 31. Rc7 Kg7 32. Ka5 Kg6 33. Rc6
Kf5 34. Rxa6 Rxa6+ 35. Kxa6 Kxe5 36. Kxb5 Kd6 37. Kc4 f5 38. Kd3 e5 39. a4 Kc5
40. Ke3 h5 41. Kd3 g4 42. Ke3 h4 43. h3 gxh3 44. gxh3 Kc4 45. Ke2 f4 46. Kf3
Kc5 47. Kg4 Kc4 48. Kxh4 e4 49. Kg4 f3 50. Kg3 Kxc3 51. a5 Kxc2 52. a6 Kd2 53.
a7 e3 54. Kxf3 e2 55. a8=Q e1=Q 56. Qa5+ 1-0

[Event "DEM U12/U12w 2003"]
[Site "Willingen GER"]
[Date "2003.06.09"]
[Round "4"]
[White "Schrödter, Thomas"]
[Black "Büchner, Felix"]
[Result "1-0"]
[Termination "normal"]
[Board "22"]
[WhiteElo "1605"]
[BlackElo "1229"]
[PlyCount "65"]
[EventCountry "GER"]
[EventRounds "11"]
[EventType "swiss"]
[EventDate "2003.06.07"]

1. d4 d5 2. c4 e6 3. Nc3 Nf6 4. cxd5 exd5 5. Bg5 Be7 6. e3 c6 7. Bd3 O-O 8. Qc2
h6 9. Bh4 Nbd7 10. Nge2 Re8 11. h3 Nf8 12. g4 N6h7 13. Bxe7 Qxe7 14. O-O-O g6
15. Kb1 Bd7 16. Rdg1 Rac8 17. h4 b6 18. Nf4 Be6 19. Qd2 Kg7 20. e4 Red8 21.
exd5 Bxd5 22. Nfxd5 cxd5 23. f4 Rc6 24. Re1 Qb7 25. f5 a6 26. Qg2 Rcd6 27. Re5
f6 28. Re2 Qc6 29. Re7+ Kh8 30. fxg6 Nxg6 31. Bxg6 Nf8 32. Bf5 Qc4 33. Qd2 1-0

[Event "DEM U12/U12w 2003"]
[Site "Willingen GER"]
[Date "2003.06.09"]
[Round "4"]
[White "Fischer, Benjamin"]
[Black "Mertens, Pauline"]
[Result "1-0"]
[Termination "normal"]
[Board "23"]
[WhiteElo "1591"]
[BlackElo "1353"]
[PlyCount "91"]
[BlackFideId "24671959"]
[EventCountry "GER"]
[EventRounds "11"]
[EventType "swiss"]
[EventDate "2003.06.07"]

1. d4 Nf6 2. c4 g6 3. Nc3 Bg7 4. e4 d6 5. Be2 O-O 6. Nf3 e5 7. O-O a5 8. Bg5
exd4 9. Nd5 Nbd7 10. Nxd4 c6 11. Nc3 Qe8 12. f3 h6 13. Bf4 Qe7 14. Qd2 Kh7 15.
Nc2 Nh5 16. Bxd6 Qe8 17. Bxf8 Qxf8 18. f4 Qc5+ 19. Kh1 Nhf6 20. e5 Ne8 21. Qd4
Qe7 22. Ne4 c5 23. Qd5 Nb6 24. Qxc5 Qxc5 25. Nxc5 Nc7 26. Rad1 Ne6 27. Nxe6
Bxe6 28. c5 Na4 29. Bf3 Nxc5 30. b3 Rc8 31. Nd4 b6 32. Nxe6 Nxe6 33. Bg4 Re8
34. Rd6 h5 35. Bxe6 Rxe6 36. Rxe6 fxe6 37. Rc1 Bh6 38. g3 Bf8 39. Rc6 Bc5 40.
Rxe6 Kg7 41. Kg2 Kf7 42. Rf6+ Kg7 43. Kf3 Bd4 44. Rc6 Bc5 45. Rxc5 bxc5 46. Ke4
1-0

[Event "DEM U12/U12w 2003"]
[Site "Willingen GER"]
[Date "2003.06.09"]
[Round "4"]
[White "Billing, Tanja"]
[Black "Jannes, Alexander"]
[Result "0-1"]
[Termination "normal"]
[Board "24"]
[WhiteElo "1226"]
[BlackElo "1515"]
[PlyCount "124"]
[WhiteFideId "24647993"]
[BlackFideId "4647955"]
[EventCountry "GER"]
[EventRounds "11"]
[EventType "swiss"]
[EventDate "2003.06.07"]

1. c4 c6 2. d4 d5 3. e3 e6 4. Nf3 Nf6 5. Nc3 Bd6 6. Bd3 dxc4 7. Bxc4 O-O 8. O-O
Nbd7 9. e4 Be7 10. e5 Nd5 11. Nxd5 exd5 12. Bb3 Re8 13. Re1 Nf8 14. Bc2 Bg4 15.
h3 Bh5 16. Bf4 Ne6 17. Be3 c5 18. Qd3 Bg6 19. Qb3 Bxc2 20. Qxc2 Rc8 21. Qb3
cxd4 22. Nxd4 Nxd4 23. Bxd4 b6 24. Rac1 Bc5 25. Qd3 Bxd4 26. Qxd4 Qd7 27. f4 h6
28. g4 Rcd8 29. Re2 h5 30. f5 hxg4 31. hxg4 Qb5 32. Rec2 Re7 33. Rc7 Rxc7 34.
Rxc7 Qa5 35. a3 Qe1+ 36. Kg2 Qe4+ 37. Qxe4 dxe4 38. Re7 Rd2+ 39. Kf1 Rxb2 40.
Re8+ Kh7 41. e6 fxe6 42. fxe6 Rb5 43. e7 Re5 44. Ke2 Kg6 45. Ke3 Kf6 46. Kf4
Rxe7 47. g5+ Kf7 48. Rxe7+ Kxe7 49. Kxe4 Ke6 50. Kf4 a5 51. Ke4 b5 52. Kd4 b4
53. axb4 axb4 54. Kc4 Kf5 55. Kxb4 Kxg5 56. Kc3 Kg4 57. Kd3 Kg3 58. Ke3 g5 59.
Ke2 Kg2 60. Ke3 g4 61. Ke2 g3 62. Ke1 Kh1 0-1

[Event "DEM U12/U12w 2003"]
[Site "Willingen GER"]
[Date "2003.06.09"]
[Round "4"]
[White "Völsgen, Georg"]
[Black "Trapp, Maximilian"]
[Result "0-1"]
[Termination "normal"]
[Board "25"]
[WhiteElo "1159"]
[BlackElo "1506"]
[PlyCount "122"]
[WhiteFideId "24635901"]
[EventCountry "GER"]
[EventRounds "11"]
[EventType "swiss"]
[EventDate "2003.06.07"]

1. e4 g6 2. d4 Bg7 3. Nf3 d6 4. Be3 Nf6 5. Nc3 Bg4 6. h3 Bxf3 7. Qxf3 Nbd7 8.
O-O-O e5 9. d5 Qe7 10. Bg5 h6 11. Bh4 g5 12. Bg3 a6 13. Be2 Nf8 14. h4 g4 15.
Qd3 h5 16. Kb1 Ng6 17. f3 Nf4 18. Bxf4 exf4 19. Qd2 Qe5 20. Qd4 Qxd4 21. Rxd4
g3 22. Rc4 O-O-O 23. a4 Nd7 24. a5 Rhe8 25. Na2 Nf6 26. Nc1 Nd7 27. Nd3 Ne5 28.
Nxe5 Rxe5 29. Rd1 Kb8 30. Rb4 Ka7 31. Rd3 Re7 32. Rdb3 Rb8 33. Rd3 Re5 34. Rd1
Bf6 35. Rh1 Bd8 36. Rc4 Ra8 37. c3 Kb8 38. b4 Kc8 39. Rd4 Kd7 40. Kc2 Bf6 41.
Rdd1 Ree8 42. Rb1 Rec8 43. c4 c6 44. Bd3 Kc7 45. dxc6 bxc6 46. Kb3 Re8 47. Rbc1
Re5 48. Ka3 Kb7 49. Bb1 c5 50. Rcd1 Ra7 51. bxc5 Rxc5 52. Rxd6 Be7 53. Rdd1
Rxc4+ 54. Kb3 Rb4+ 55. Kc3 Kc8 56. Rd5 Rc7+ 57. Kd3 Rb3+ 58. Kd4 Ba3 59. Rg5
Bb2+ 60. Kd5 Rb5+ 61. Kd6 Ba3+ 0-1

[Event "DEM U12/U12w 2003"]
[Site "Willingen GER"]
[Date "2003.06.09"]
[Round "4"]
[White "Hannes, Diana"]
[Black "Göpel, Martin"]
[Result "1-0"]
[Termination "normal"]
[Board "26"]
[WhiteElo "1145"]
[BlackElo "1476"]
[PlyCount "47"]
[WhiteFideId "24611344"]
[EventCountry "GER"]
[EventRounds "11"]
[EventType "swiss"]
[EventDate "2003.06.07"]

1. e4 c5 2. d4 cxd4 3. c3 dxc3 4. Nxc3 e6 5. Nf3 a6 6. Bc4 Qc7 7. Qe2 b5 8. Bb3
Nc6 9. O-O d6 10. Bf4 Nf6 11. Rfd1 Be7 12. Rac1 Bb7 13. Nd5 exd5 14. exd5 O-O
15. dxc6 Bc8 16. Re1 Re8 17. Ng5 Be6 18. Bxe6 fxe6 19. Qxe6+ Kh8 20. Nf7+ Kg8
21. Nxd6+ Kh8 22. Nf7+ Kg8 23. Nh6+ Kh8 24. Qg8+ 1-0

[Event "DEM U12/U12w 2003"]
[Site "Willingen GER"]
[Date "2003.06.09"]
[Round "4"]
[White "Schroer, Claus"]
[Black "Becher, Anne"]
[Result "1-0"]
[Termination "normal"]
[Board "27"]
[WhiteElo "1475"]
[BlackElo "1294"]
[PlyCount "55"]
[EventCountry "GER"]
[EventRounds "11"]
[EventType "swiss"]
[EventDate "2003.06.07"]

1. e4 d5 2. exd5 Qxd5 3. Nc3 Qa5 4. d4 c6 5. Bc4 Nf6 6. Nf3 Bf5 7. Bd2 e6 8.
O-O Be7 9. Re1 Qc7 10. Ne2 O-O 11. Ng3 b5 12. Bb3 a5 13. Nxf5 exf5 14. a3 a4
15. Ba2 Ne4 16. c3 Re8 17. Ne5 Nxd2 18. Bxf7+ Kf8 19. Bxe8 Kxe8 20. Qxd2 Nd7
21. Nxd7 Qxd7 22. Qg5 g6 23. Qh6 Kd8 24. Qxh7 Ra7 25. Qxg6 c5 26. Rad1 Kc7 27.
dxc5 Qc8 28. Qb6# 1-0

[Event "DEM U12/U12w 2003"]
[Site "Willingen GER"]
[Date "2003.06.09"]
[Round "4"]
[White "Falke, Isaak"]
[Black "Karmann, Anna"]
[Result "1/2-1/2"]
[Termination "normal"]
[Board "28"]
[WhiteElo "1460"]
[BlackElo "1275"]
[PlyCount "87"]
[WhiteFideId "24614483"]
[BlackFideId "24648000"]
[EventCountry "GER"]
[EventRounds "11"]
[EventType "swiss"]
[EventDate "2003.06.07"]

1. d4 d5 2. Nf3 Nf6 3. c3 Bf5 4. Bf4 e6 5. h3 c5 6. e3 Nc6 7. Nbd2 Be7 8. Qb3
Qc8 9. Be2 cxd4 10. cxd4 Nb4 11. Bb5+ Nd7 12. O-O Bc2 13. Qc3 a6 14. Qxc8+ Rxc8
15. Bxd7+ Kxd7 16. Ne5+ Ke8 17. a3 Nc6 18. Rfc1 Bf5 19. Rc3 f6 20. Nef3 Kf7 21.
Rac1 Na7 22. Rc7 Rb8 23. Nb3 Nc6 24. Rxe7+ Kxe7 25. Bxb8 Rxb8 26. Nc5 Na5 27.
Nd2 g5 28. b4 Nc6 29. Nxa6 Ra8 30. b5 bxa6 31. bxc6 Rc8 32. Nb3 Bd3 33. a4 Kd6
34. Na5 Rc7 35. Rc3 Be2 36. f3 Bd1 37. Ra3 Bc2 38. Kf2 e5 39. Ke2 e4 40. f4 h6
41. f5 Rc8 42. Kd2 Bd3 43. g3 Bf1 44. h4 1/2-1/2

[Event "DEM U12/U12w 2003"]
[Site "Willingen GER"]
[Date "2003.06.09"]
[Round "4"]
[White "Gröger, Eric"]
[Black "Collmann, Martin"]
[Result "0-1"]
[Termination "normal"]
[Board "29"]
[WhiteElo "1265"]
[BlackElo "1438"]
[PlyCount "88"]
[EventCountry "GER"]
[EventRounds "11"]
[EventType "swiss"]
[EventDate "2003.06.07"]

1. d4 Nf6 2. c4 g6 3. Nc3 Bg7 4. e4 d6 5. Be2 O-O 6. Nf3 Nbd7 7. O-O e5 8. d5
a5 9. Ne1 Nc5 10. f3 Ne8 11. Nd3 f5 12. Be3 b6 13. b4 Nxd3 14. Bxd3 axb4 15.
Nb5 fxe4 16. Bxe4 Bd7 17. Qb3 Bxb5 18. cxb5 Ra3 19. Qxb4 Rxe3 20. a4 Qg5 21.
Rf2 Nf6 22. Raf1 Nxe4 23. fxe4 Rxf2 24. Rxf2 Rd3 25. Qb1 Qe3 26. Qf1 Rd2 27. g3
Qxf2+ 28. Qxf2 Rxf2 29. Kxf2 Bh6 30. Kf3 Kf7 31. g4 Bf4 32. h4 Kf6 33. Kg2 h6
34. Kf2 h5 35. Kf3 hxg4+ 36. Kxg4 Kg7 37. h5 g5 38. Kf5 Kh6 39. Ke6 g4 40. Kd7
g3 41. Kxc7 g2 42. Kxb6 g1=Q+ 43. Ka6 Qc5 44. b6 Bd2 0-1

[Event "DEM U12/U12w 2003"]
[Site "Willingen GER"]
[Date "2003.06.09"]
[Round "4"]
[White "Häcker, Katrin"]
[Black "Yao, Kelvin"]
[Result "0-1"]
[Termination "normal"]
[Board "30"]
[WhiteElo "1253"]
[BlackElo "1426"]
[PlyCount "46"]
[WhiteFideId "24667986"]
[EventCountry "GER"]
[EventRounds "11"]
[EventType "swiss"]
[EventDate "2003.06.07"]

1. e4 c6 2. d4 d5 3. Nc3 dxe4 4. Nxe4 Nd7 5. Nf3 Ngf6 6. Bd3 Nxe4 7. Bxe4 Nf6
8. Qe2 Bg4 9. O-O Bxf3 10. Qxf3 Qxd4 11. Re1 e6 12. c3 Qd7 13. Bf4 Be7 14. Rad1
Qc8 15. b4 O-O 16. b5 Nxe4 17. Rxe4 cxb5 18. Qg3 Bf6 19. Rc1 Rd8 20. Be5 Bxe5
21. Rxe5 Qd7 22. Rg5 Qd1+ 23. Rxd1 Rxd1# 0-1

[Event "DEM U12/U12w 2003"]
[Site "Willingen GER"]
[Date "2003.06.09"]
[Round "4"]
[White "Zikeli, Julia"]
[Black "Döring, Julia"]
[Result "0-1"]
[Termination "normal"]
[Board "31"]
[WhiteElo "1420"]
[BlackElo "1257"]
[PlyCount "68"]
[WhiteFideId "24622753"]
[EventCountry "GER"]
[EventRounds "11"]
[EventType "swiss"]
[EventDate "2003.06.07"]

1. e4 c5 2. Nf3 d6 3. d4 cxd4 4. Nxd4 Nf6 5. Nc3 g6 6. Be3 Bg7 7. f3 Bd7 8. Bc4
O-O 9. Qd2 Qc7 10. Bb3 Rc8 11. O-O-O Nc6 12. h4 Ne5 13. g4 Nc4 14. Bxc4 Qxc4
15. h5 b5 16. Kb1 b4 17. Nce2 a5 18. hxg6 fxg6 19. Bh6 Bh8 20. Qd3 Qc7 21. Qb3+
Qc4 22. Qxc4+ Rxc4 23. Rh2 a4 24. Rd3 e5 25. Nf5 gxf5 26. gxf5 Rc6 27. f4 exf4
28. Nxf4 Nxe4 29. Rg2+ Kf7 30. Rd5 Rac8 31. Re2 Nf6 32. Red2 b3 33. axb3 axb3
34. c3 Nxd5 0-1